UFL Football Team Logos (2024-2025) - Statistics

General Stats
  • This quiz has been taken 53 times
  • The average score is 6 of 8
Answer Stats
Picture Answer % Correct
Birmingham Stallions
95%
Michigan Panthers
90%
St. Louis Battlehawks
85%
DC Defenders
80%
Arlington Renegades
76%
San Antonio Brahmas
76%
Memphis Showboats
73%
Houston Roughnecks
71%
No matching quizzes found
Score Distribution
Percent of People with Each Score
Percentile by Number Answered
Your Score History
You have not taken this quiz